00525nam a22001457a 4500008004100000022001400041050001700055245005900072250003400131260006300165300002700228500002400255650003800279710006200317161207b xxu||||| |||| 00| 0 eng d a1750-0184 aPL 8000b.A4 aAfrica: Journal of the International African Institute aeJournal/eMagazine: bEnglish a[London]:bEdinburgh Univ. Press JSTOR,c[Not Identified]. a37-54 p.bmapsc24 cm. aGesehen am 16.01.06 2Gesellschaft. aKultur. vAfrika. aInternational Institute of African Languages and Cultures